<?xml version="1.0" encoding="UTF-8"?>
<record
    xmlns:xsi="http://www.w3.org/2001/XMLSchema-instance"
    xsi:schemaLocation="http://www.loc.gov/MARC21/slim http://www.loc.gov/standards/marcxml/schema/MARC21slim.xsd"
    xmlns="http://www.loc.gov/MARC21/slim">

  <leader>01524    a2200277   4500</leader>
  <controlfield tag="001">59303</controlfield>
  <controlfield tag="005">20260407155847.0</controlfield>
  <controlfield tag="008">260407a2023    arg                 spa d</controlfield>
  <controlfield tag="003">AR-UNSa-BCEJYS</controlfield>
  <datafield tag="040" ind1=" " ind2=" ">
    <subfield code="a">AR-UNSa-BCEJYS</subfield>
    <subfield code="b">spa</subfield>
    <subfield code="c">AR-UNSa-BCEJYS</subfield>
  </datafield>
  <datafield tag="080" ind1=" " ind2=" ">
    <subfield code="a">657</subfield>
    <subfield code="x">Contabilidad</subfield>
  </datafield>
  <datafield tag="245" ind1="1" ind2="0">
    <subfield code="a">Lecturas de contabilidad b&#xE1;sica</subfield>
    <subfield code="p">con ejercicios de aplicaci&#xF3;n</subfield>
  </datafield>
  <datafield tag="020" ind1=" " ind2=" ">
    <subfield code="a">978-987-716-183-0</subfield>
  </datafield>
  <datafield tag="250" ind1=" " ind2=" ">
    <subfield code="a">5a. ed.</subfield>
  </datafield>
  <datafield tag="264" ind1=" " ind2="1">
    <subfield code="a">Buenos Aires :</subfield>
    <subfield code="b">Osmar D. Buyatti</subfield>
    <subfield code="c">2023</subfield>
  </datafield>
  <datafield tag="300" ind1=" " ind2=" ">
    <subfield code="a">612 p.</subfield>
    <subfield code="c">22 cm.</subfield>
  </datafield>
  <datafield tag="505" ind1=" " ind2=" ">
    <subfield code="a">1. El marco general de la contabilidad &#x2013; 2. Fundamentos de la contabilidad patrimonial &#x2013; 3. Actividades y operaciones de las organizaciones &#x2013; 4. El proceso contable &#x2013; 5. Caja y bancos &#x2013; 6. Cr&#xE9;ditos &#x2013; 7. Bienes de cambio - (inventarios) &#x2013; 8. Bienes de cambio - Empresa industrial &#x2013; 9. Bienes de cambio &#x2013; Empresa de servicios &#x2013; 10. Bienes de uso &#x2013; (propiedades, planta y equipo) &#x2013; 11. Activos intangibles &#x2013; 12. Inversiones y propiedades de inversi&#xF3;n &#x2013; 13. Deudas &#x2013; 14. Previsiones &#x2013; 15. Patrimonio neto &#x2013; 16. Culminaci&#xF3;n del proceso contable &#x2013; 17. Caso integral de aplicaci&#xF3;n &#x2013; 18. Ajuste por inflaci&#xF3;n &#x2013; 19. Las normas internacionales de informaci&#xF3;n financiera (NIFF) </subfield>
  </datafield>
  <datafield tag="041" ind1=" " ind2=" ">
    <subfield code="a">spa</subfield>
  </datafield>
  <datafield tag="942" ind1=" " ind2=" ">
    <subfield code="c">BK</subfield>
  </datafield>
  <datafield tag="590" ind1=" " ind2=" ">
    <subfield code="a">niveau_biblio:m niveau_hierar:0</subfield>
  </datafield>
  <datafield tag="100" ind1="1" ind2=" ">
    <subfield code="a">Simaro, Jorge D.</subfield>
  </datafield>
  <datafield tag="700" ind1="1" ind2=" ">
    <subfield code="a">Tonelli, Omar E.</subfield>
  </datafield>
  <datafield tag="650" ind1=" " ind2=" ">
    <subfield code="a">NIIF</subfield>
  </datafield>
  <datafield tag="856" ind1="4" ind2="1">
    <subfield code="u">https://biblioeco.unsa.edu.ar/pmb/images/libros/L129050.jpg</subfield>
    <subfield code="y">Imagen de portada</subfield>
    <subfield code="q">image/jpeg</subfield>
  </datafield>
  <datafield tag="650" ind1=" " ind2=" ">
    <subfield code="a"> niif </subfield>
  </datafield>
  <datafield tag="999" ind1=" " ind2=" ">
    <subfield code="c">6639</subfield>
    <subfield code="d">6639</subfield>
  </datafield>
  <datafield tag="952" ind1=" " ind2=" ">
    <subfield code="0">0</subfield>
    <subfield code="1">0</subfield>
    <subfield code="4">0</subfield>
    <subfield code="7">0</subfield>
    <subfield code="a">BCEJYS</subfield>
    <subfield code="b">BCEJYS</subfield>
    <subfield code="c">16</subfield>
    <subfield code="d">2026-04-07</subfield>
    <subfield code="l">0</subfield>
    <subfield code="o">657 S588 5ed.</subfield>
    <subfield code="p">L129050</subfield>
    <subfield code="r">2026-04-07 15:58:47</subfield>
    <subfield code="w">2026-04-07</subfield>
    <subfield code="y">L</subfield>
  </datafield>
  <datafield tag="952" ind1=" " ind2=" ">
    <subfield code="0">0</subfield>
    <subfield code="1">0</subfield>
    <subfield code="4">0</subfield>
    <subfield code="7">0</subfield>
    <subfield code="a">BCEJYS</subfield>
    <subfield code="b">BCEJYS</subfield>
    <subfield code="c">16</subfield>
    <subfield code="d">2026-04-07</subfield>
    <subfield code="l">0</subfield>
    <subfield code="o">657 S588 5ed.</subfield>
    <subfield code="p">L129051</subfield>
    <subfield code="r">2026-04-07 15:58:47</subfield>
    <subfield code="w">2026-04-07</subfield>
    <subfield code="y">L</subfield>
    <subfield code="z">TAPA DOBLADA - CANTO RAYADO - P&#xC0;G 116 Y 117 DOBLADAS - CANTO SUPERIOR MANCHADO - HOJAS DE ESQUINA SUPERIOR DOBLADAS</subfield>
  </datafield>
  <datafield tag="952" ind1=" " ind2=" ">
    <subfield code="0">0</subfield>
    <subfield code="1">0</subfield>
    <subfield code="4">0</subfield>
    <subfield code="7">0</subfield>
    <subfield code="a">BCEJYS</subfield>
    <subfield code="b">BCEJYS</subfield>
    <subfield code="c">16</subfield>
    <subfield code="d">2026-04-07</subfield>
    <subfield code="l">0</subfield>
    <subfield code="o">657 S588 5ed.</subfield>
    <subfield code="p">L129052</subfield>
    <subfield code="r">2026-04-07 15:58:47</subfield>
    <subfield code="w">2026-04-07</subfield>
    <subfield code="y">L</subfield>
    <subfield code="z">CANTO MANCHADO</subfield>
  </datafield>
  <datafield tag="952" ind1=" " ind2=" ">
    <subfield code="0">0</subfield>
    <subfield code="1">0</subfield>
    <subfield code="4">0</subfield>
    <subfield code="7">0</subfield>
    <subfield code="a">BCEJYS</subfield>
    <subfield code="b">BCEJYS</subfield>
    <subfield code="c">16</subfield>
    <subfield code="d">2026-04-07</subfield>
    <subfield code="l">0</subfield>
    <subfield code="o">657 S588 5ed.</subfield>
    <subfield code="p">L129320</subfield>
    <subfield code="r">2026-04-07 15:58:47</subfield>
    <subfield code="w">2026-04-07</subfield>
    <subfield code="y">L</subfield>
    <subfield code="z">CANTO CON MANCHITA - ESQUINA SUPERIOR E INFERIOR DOBLADAS</subfield>
  </datafield>
  <datafield tag="952" ind1=" " ind2=" ">
    <subfield code="0">0</subfield>
    <subfield code="1">0</subfield>
    <subfield code="4">0</subfield>
    <subfield code="7">0</subfield>
    <subfield code="a">BCEJYS</subfield>
    <subfield code="b">BCEJYS</subfield>
    <subfield code="c">16</subfield>
    <subfield code="d">2026-04-07</subfield>
    <subfield code="l">0</subfield>
    <subfield code="o">657 S588 5ed.</subfield>
    <subfield code="p">L129321</subfield>
    <subfield code="r">2026-04-07 15:58:47</subfield>
    <subfield code="w">2026-04-07</subfield>
    <subfield code="y">L</subfield>
  </datafield>
  <datafield tag="952" ind1=" " ind2=" ">
    <subfield code="0">0</subfield>
    <subfield code="1">0</subfield>
    <subfield code="4">0</subfield>
    <subfield code="7">0</subfield>
    <subfield code="a">BCEJYS</subfield>
    <subfield code="b">BCEJYS</subfield>
    <subfield code="c">16</subfield>
    <subfield code="d">2026-04-07</subfield>
    <subfield code="l">0</subfield>
    <subfield code="o">657 S588 5ed.</subfield>
    <subfield code="p">L129322</subfield>
    <subfield code="r">2026-04-07 15:58:47</subfield>
    <subfield code="w">2026-04-07</subfield>
    <subfield code="y">L</subfield>
  </datafield>
</record>
